| 000 | 00544nam a22001937a 4500 | ||
|---|---|---|---|
| 003 | SISC | ||
| 005 | 20160318084748.0 | ||
| 008 | 130724t xxu||||| |||| 00| 0 eng d | ||
| 050 |
_aPR 6039.O32 _b.T649 1975 |
||
| 082 |
_aCLA T58f _b1975 |
||
| 100 |
_aTolkien, J.R.R. _93573 |
||
| 245 |
_aFarmer giles of ham : _bthe adventures of Tom Bombadil / _cJ.R.R. Tolkien |
||
| 260 |
_aLondon : _bUnwin Books, _c1975. |
||
| 300 |
_a144 p. _c20 cm. |
||
| 562 | _e1 | ||
| 650 |
_aAdventure _xTom Bombadil _93574 |
||
| 942 |
_2lcc _cBK |
||
| 999 |
_c7618 _d7618 |
||